C ++ Programming Program Design Including Data Structures (Record no. 533746)
[ view plain ]
| 000 -LEADER | |
|---|---|
| fixed length control field | 00351nam a22001457a 4500 |
| 020 ## - INTERNATIONAL STANDARD BOOK NUMBER | |
| International Standard Book Number | 978-1285852744 |
| 040 ## - CATALOGING SOURCE | |
| Transcribing agency | MSOHAIL |
| 082 ## - DEWEY DECIMAL CLASSIFICATION NUMBER | |
| Classification number | 005.133 |
| Author Mark | MAL |
| 100 ## - MAIN ENTRY--PERSONAL NAME | |
| Personal name | D. S. Malik |
| 9 (RLIN) | 27721 |
| 245 ## - TITLE STATEMENT | |
| Title | C ++ Programming Program Design Including Data Structures |
| 250 ## - EDITION STATEMENT | |
| Edition statement | 7th edition |
| 260 ## - PUBLICATION, DISTRIBUTION, ETC. | |
| Date of publication, distribution, etc. | c2015 |
| 300 ## - PHYSICAL DESCRIPTION | |
| Extent | 1680;pxv |
| 942 ## - ADDED ENTRY ELEMENTS (KOHA) | |
| Source of classification or shelving scheme | |
| Koha item type | Book |
| Withdrawn status | Lost status | Source of classification or shelving scheme | Damaged status | Not for loan | Permanent Location | Current Location | Date acquired | Total Checkouts | Full call number | Barcode | Date last seen | Date last checked out | Price effective from | Koha item type |
|---|---|---|---|---|---|---|---|---|---|---|---|---|---|---|
| School of Civil and Environmental Engineering (SCEE) | School of Civil and Environmental Engineering (SCEE) | 01/17/2020 | 3 | 005.133 MAL | NIT-13056 | 01/31/2023 | 11/28/2022 | 01/17/2020 | Book |
